[Event "Palafrugell Gelpi Memorial 28th"]
[Site "Palafrugell"]
[Date "2015.??.??"]
[Round "6"]
[White "Cano Egea, Gerard"]
[Black "Parayre Soguero, Jordi"]
[Result "1-0"]
[WhiteElo "2144"]
[BlackElo "2086"]
[PlyCount "59"]
[EventDate "2015.09.26"]
[EventType "swiss"]
[EventRounds "9"]
[EventCountry "ESP"]
[SourceTitle "EXT 2017"]
[Source "ChessBase"]
[SourceDate "2016.10.25"]
[SourceVersion "1"]
[SourceVersionDate "2016.10.25"]
[SourceQuality "1"]

1. e4 c5 2. Nf3 e6 3. d4 cxd4 4. Nxd4 a6 5. Nc3 Qc7 6. Bd3 Nf6 7. 0-0 Bd6 8. f4 Bc5 9. Be3 Qb6 10. Na4 Bxd4 11. Nxb6 Bxe3+ 12. Kh1 Bxb6 13. e5 Nd5 14. Qf3 Nc6 15. c3 0-0 16. Be4 Ne3 17. Rfe1 Nc4 18. Qd3 f5 19. exf6 Rxf6 20. Qxc4 d5 21. Qb3 Bc7 22. Bf3 Bxf4 23. Rad1 Ne5 24. Be2 Bd7 25. Qxb7 Raf8 26. Rf1 Bc8 27. Qb4 Ng4 28. Bxg4 Bd6 29. Rxf6 Bxb4 30. Bxe6+ 1-0

[Event "Palafrugell Gelpi Memorial 28th"]
[Site "Palafrugell"]
[Date "2015.??.??"]
[Round "3"]
[White "Fernandez Garcia, Francesc"]
[Black "Cano Egea, Gerard"]
[Result "1-0"]
[WhiteElo "2219"]
[BlackElo "2144"]
[PlyCount "121"]
[EventDate "2015.09.26"]
[EventType "swiss"]
[EventRounds "9"]
[EventCountry "ESP"]
[SourceTitle "EXT 2017"]
[Source "ChessBase"]
[SourceDate "2016.10.25"]
[SourceVersion "1"]
[SourceVersionDate "2016.10.25"]
[SourceQuality "1"]

1. e4 e5 2. Nf3 Nc6 3. d4 exd4 4. Bc4 Nf6 5. e5 d5 6. Bb5 Ne4 7. Nxd4 Bc5 8. Be3 Bd7 9. Bxc6 bxc6 10. 0-0 Qe7 11. f3 Nd6 12. f4 Nf5 13. Nxf5 Bxf5 14. Bd4 0-0 15. c3 Bb6 16. Nd2 c5 17. Bf2 Rad8 18. Qh5 Qd7 19. Rfe1 d4 20. Ne4 Bxe4 21. Rxe4 Qc6 22. Qf3 d3 23. c4 d2 24. Rd1 Qa4 25. Qb3 Qxb3 26. axb3 Rd3 27. Re3 Rfd8 28. Kf1 Rxe3 29. Bxe3 Ba5 30. Ke2 Kf8 31. Bxc5+ Ke8 32. b4 Bb6 33. Bxb6 axb6 34. Rxd2 Ra8 35. Kd3 Ke7 36. Kc3 Ra1 37. g3 h5 38. Rf2 Re1 39. Rf3 g6 40. b5 Re2 41. h4 Ke6 42. b4 Re1 43. c5 Rc1+ 44. Kd4 Rb1 45. cxb6 cxb6 46. Kc4 Rc1+ 47. Rc3 Rb1 48. Rb3 Rc1+ 49. Rc3 Rb1 50. Rd3 Rc1+ 51. Kb3 Rb1+ 52. Kc3 Rg1 53. Rd6+ Ke7 54. Rxb6 Rxg3+ 55. Kd4 Rf3 56. Rf6 Rb3 57. Kc4 Ra3 58. b6 Ra8 59. Kc5 Rb8 60. Rc6 Kd7 61. Rc7+ 1-0

[Event "Figueres op 15th"]
[Site "Figueres"]
[Date "2014.08.15"]
[Round "5"]
[White "Serra Pages, Jordi"]
[Black "Cano Egea, Gerard"]
[Result "1/2-1/2"]
[WhiteElo "2216"]
[BlackElo "1934"]
[PlyCount "46"]
[EventDate "2014.08.11"]
[EventType "swiss"]
[EventRounds "9"]
[EventCountry "ESP"]
[SourceTitle "CBM 162 Extra"]
[Source "ChessBase"]
[SourceDate "2014.10.17"]
[SourceVersion "1"]
[SourceVersionDate "2014.10.17"]
[SourceQuality "1"]

1. d4 d5 2. c4 e6 3. Nf3 Nf6 4. Nc3 Bb4 5. Bg5 Nbd7 6. e3 c5 7. cxd5 exd5 8. dxc5 Qa5 9. Rc1 Ne4 10. Qxd5 Nxc3 11. bxc3 Bxc3+ 12. Kd1 0-0 13. Bc4 Nf6 14. Qd3 Bb4 15. Nd4 Ng4 16. Ke2 Ne5 17. Qb1 b6 18. Bf4 Nxc4 19. Nc6 Qa4 20. Nxb4 Ba6 21. Qb3 Qxb3 22. axb3 bxc5 23. Nxa6 Na5 1/2-1/2

[Event "Girona Territorial-ch"]
[Site "Girona"]
[Date "2013.11.24"]
[Round "8"]
[White "Serra Canals, Oriol"]
[Black "Cano Egea, Gerard"]
[Result "1/2-1/2"]
[WhiteElo "1877"]
[BlackElo "1935"]
[PlyCount "71"]
[EventDate "2013.09.22"]
[EventType "swiss"]
[EventRounds "9"]
[EventCountry "ESP"]
[SourceTitle "EXT 2015"]
[Source "ChessBase"]
[SourceDate "2014.11.20"]
[SourceVersion "1"]
[SourceVersionDate "2014.11.20"]
[SourceQuality "1"]

1. d4 d5 2. c4 e6 3. Nf3 Nf6 4. Nc3 Be7 5. Bg5 0-0 6. e3 b6 7. cxd5 exd5 8. Rc1 Be6 9. Be2 c5 10. Ne5 Ne4 11. Bxe7 Qxe7 12. Bf3 Nxc3 13. bxc3 Nd7 14. Nxd7 Qxd7 15. dxc5 bxc5 16. c4 Rad8 17. cxd5 Bxd5 18. Qxd5 Qxd5 19. Bxd5 Rxd5 20. Ke2 Rb8 21. Rb1 Rb6 22. Rhd1 Rxd1 23. Rxd1 Kf8 24. Kd3 Ke7 25. Kc3 Ra6 26. Rd2 Ra4 27. Kb3 Rb4+ 28. Ka3 Ke6 29. h3 h6 30. g3 g6 31. Rd3 f5 32. Rb3 Rc4 33. Kb2 Ra4 34. f3 h5 35. Rd3 h4 36. g4 1/2-1/2

[Event "Girona Territorial-ch"]
[Site "Girona"]
[Date "2013.11.17"]
[Round "7"]
[White "Cano Egea, Gerard"]
[Black "Saurina Suner, Francesc Xavier"]
[Result "1-0"]
[WhiteElo "1935"]
[BlackElo "1871"]
[PlyCount "55"]
[EventDate "2013.09.22"]
[EventType "swiss"]
[EventRounds "9"]
[EventCountry "ESP"]
[SourceTitle "EXT 2015"]
[Source "ChessBase"]
[SourceDate "2014.11.20"]
[SourceVersion "1"]
[SourceVersionDate "2014.11.20"]
[SourceQuality "1"]

1. e4 e5 2. Nf3 Nf6 3. Nxe5 Nxe4 4. Qe2 Qe7 5. Qxe4 d6 6. d4 dxe5 7. Qxe5 Qxe5+ 8. dxe5 Bf5 9. c3 Nd7 10. Bf4 0-0-0 11. Bc4 Nxe5 12. Bxe5 Re8 13. f4 f6 14. 0-0 fxe5 15. fxe5 Bc5+ 16. Kh1 Rxe5 17. Rxf5 Rxf5 18. Be6+ Kb8 19. Bxf5 Rf8 20. g4 g6 21. Bd3 Rf3 22. Bc4 Rf4 23. Nd2 Rf2 24. Ne4 Rf4 25. Re1 c6 26. Nxc5 Rxc4 27. Ne4 Ra4 28. a3 1-0

[Event "Girona Territorial-ch"]
[Site "Girona"]
[Date "2013.09.22"]
[Round "1"]
[White "Cano Egea, Gerard"]
[Black "Gala Martinez, Victor"]
[Result "1-0"]
[WhiteElo "1935"]
[BlackElo "1472"]
[PlyCount "47"]
[EventDate "2013.09.22"]
[EventType "swiss"]
[EventRounds "9"]
[EventCountry "ESP"]
[SourceTitle "EXT 2015"]
[Source "ChessBase"]
[SourceDate "2014.11.20"]
[SourceVersion "1"]
[SourceVersionDate "2014.11.20"]
[SourceQuality "1"]

1. e4 c6 2. d4 d5 3. Nc3 dxe4 4. Nxe4 Bf5 5. Ng3 Bg6 6. Nf3 h6 7. Bc4 e6 8. 0-0 Nf6 9. Ne5 Bh7 10. Re1 Be7 11. Qe2 0-0 12. Nxf7 Kxf7 13. Bxe6+ Ke8 14. Nh5 Nxh5 15. Qxh5+ g6 16. Qxh6 Qxd4 17. Be3 Qh4 18. Qg7 Nd7 19. Bxd7+ Kxd7 20. Bc5 Rae8 21. Rad1+ Kc8 22. Rxe7 Rxe7 23. Qxf8+ Kc7 24. Qd8# 1-0

[Event "Figueres op 13th"]
[Site "Figueres"]
[Date "2012.08.14"]
[Round "7"]
[White "Cano Egea, Gerard"]
[Black "Colls Gelaberto, Emilio"]
[Result "0-1"]
[WhiteElo "1901"]
[BlackElo "2171"]
[PlyCount "50"]
[EventDate "2012.08.09"]
[EventType "swiss"]
[EventRounds "9"]
[EventCountry "ESP"]
[SourceTitle "CBM 149 Extra"]
[Source "ChessBase"]
[SourceDate "2012.08.24"]
[SourceVersion "1"]
[SourceVersionDate "2012.08.24"]
[SourceQuality "1"]

1. e4 c6 2. d4 d5 3. exd5 cxd5 4. Bd3 Nc6 5. c3 Qc7 6. Ne2 Bg4 7. f3 Bh5 8. Bf4 Qd7 9. 0-0 e6 10. Nd2 Nf6 11. Nb3 Bg6 12. Re1 Be7 13. Be5 0-0 14. Nf4 Bxd3 15. Nxd3 Qd8 16. Qd2 Rc8 17. Qf4 Qb6 18. Kh1 Rfd8 19. Ndc5 Nxe5 20. Qxe5 Bxc5 21. Nxc5 Qxb2 22. Rab1 Qxc3 23. Nxb7 Rf8 24. Nd6 Rc6 25. Rb7 Rxd6 0-1

[Event "Figueres op 11th"]
[Site "Figueres"]
[Date "2010.08.14"]
[Round "5"]
[White "Cano Egea, Gerard"]
[Black "Colls Bosch, Emilio"]
[Result "0-1"]
[WhiteElo "1698"]
[BlackElo "2010"]
[PlyCount "62"]
[EventDate "2010.08.11"]
[EventType "swiss"]
[EventRounds "9"]
[EventCountry "ESP"]
[SourceTitle "CBM 137 Extra"]
[Source "ChessBase"]
[SourceDate "2010.09.01"]
[SourceVersion "1"]
[SourceVersionDate "2010.09.01"]
[SourceQuality "1"]

1. e4 Nf6 2. e5 Nd5 3. d4 d6 4. c4 Nb6 5. exd6 cxd6 6. Nc3 g6 7. Nf3 Bg7 8. Be3 Nc6 9. Be2 0-0 10. Rc1 Bf5 11. 0-0 e5 12. d5 Ne7 13. a4 Bg4 14. Nd2 Bxe2 15. Qxe2 Nf5 16. a5 Nd7 17. b4 Nxe3 18. Qxe3 f5 19. Nb3 Qh4 20. Qg3 Qxc4 21. Na2 Qxd5 22. Rfd1 Qe6 23. Qc3 Nf6 24. Qc4 Qxc4 25. Rxc4 Rad8 26. Rdc1 Rf7 27. Nc3 d5 28. Rc5 Bf8 29. Rb5 a6 30. Rb6 d4 31. Na4 Nd5 0-1

[Event "Girona op 1st"]
[Site "Girona"]
[Date "2010.07.15"]
[Round "3"]
[White "Cano Egea, Gerard"]
[Black "Parramon Ros, Francesco"]
[Result "0-1"]
[WhiteElo "1698"]
[BlackElo "2066"]
[PlyCount "80"]
[EventDate "2010.07.13"]
[EventType "swiss"]
[EventRounds "9"]
[EventCountry "ESP"]
[SourceTitle "CBM 137 Extra"]
[Source "ChessBase"]
[SourceDate "2010.09.01"]
[SourceVersion "1"]
[SourceVersionDate "2010.09.01"]
[SourceQuality "1"]

1. e4 c6 2. d4 d5 3. Nc3 a6 4. Nf3 Bg4 5. Be2 e6 6. 0-0 Nf6 7. e5 Nfd7 8. Be3 c5 9. Re1 Nc6 10. a3 Rc8 11. Qd2 Be7 12. Rad1 0-0 13. Na2 Bxf3 14. Bxf3 Nxd4 15. Bxd4 cxd4 16. c3 dxc3 17. Nxc3 Nb6 18. Qe2 Qc7 19. Bg4 Rfd8 20. Rd3 d4 21. Na2 Qc2 22. Rd2 Qc4 23. Qxc4 Nxc4 24. Rc2 d3 25. Rc3 d2 26. Rd1 Nxb2 27. Rxc8 Rxc8 28. Rxd2 Bxa3 29. Rd7 b6 30. Bf3 Na4 31. Rd3 Bf8 32. Rd4 Nc5 33. Rc4 Rd8 34. Nb4 a5 35. Nc6 Rd2 36. Nd4 a4 37. Nb5 Rb2 38. Nc3 a3 39. Rd4 Rc2 40. Ne2 a2 0-1

[Event "Figueres op 10th"]
[Site "Figueres"]
[Date "2009.08.03"]
[Round "4"]
[White "Pinsach Gelabert, Alexandre"]
[Black "Cano Egea, Gerard"]
[Result "0-1"]
[WhiteElo "1781"]
[BlackElo "1624"]
[PlyCount "98"]
[EventDate "2009.08.01"]
[EventType "swiss"]
[EventRounds "9"]
[EventCountry "ESP"]
[SourceTitle "EXT 2010"]
[Source "ChessBase"]
[SourceDate "2010.11.25"]
[SourceVersion "1"]
[SourceVersionDate "2010.11.25"]
[SourceQuality "1"]

1. d4 Nf6 2. Bg5 d5 3. Bxf6 exf6 4. e3 Be6 5. Nf3 c5 6. dxc5 Bxc5 7. c3 Nc6 8. Bd3 Qb6 9. Qc2 Ne5 10. Nxe5 fxe5 11. b4 Be7 12. Bxh7 Rc8 13. 0-0 e4 14. Bxe4 dxe4 15. Qxe4 Bf6 16. Rc1 Rc4 17. Qc2 Qxb4 18. cxb4 Rxc2 19. Rxc2 Bxa1 20. Rc7 Rh5 21. a4 Rd5 22. Rc1 Bb2 23. Rf1 a5 24. b5 Rc5 25. Nd2 Rc1 26. Ne4 Rxf1+ 27. Kxf1 Ke7 28. Nc5 Bc4+ 29. Ke1 b6 30. Ne4 Bb3 31. Nd2 Bxa4 32. Nc4 Bc3+ 33. Ke2 Bxb5 34. Kd3 Bf6 35. g4 a4 36. g5 a3 37. gxf6+ Kxf6 38. Kc3 Bxc4 39. e4 a2 40. Kb2 Ke5 41. f4+ Kxf4 42. e5 Kxe5 43. h4 f5 44. h5 f4 45. h6 gxh6 46. Ka1 f3 47. Kb2 f2 48. Kc3 a1Q+ 49. Kb4 Be2 0-1

[Event "Figueres op 10th"]
[Site "Figueres"]
[Date "2009.08.02"]
[Round "3"]
[White "Cano Egea, Gerard"]
[Black "Torres Calvo, Mauricio"]
[Result "0-1"]
[WhiteElo "1624"]
[BlackElo "1873"]
[PlyCount "72"]
[EventDate "2009.08.01"]
[EventType "swiss"]
[EventRounds "9"]
[EventCountry "ESP"]
[SourceTitle "EXT 2010"]
[Source "ChessBase"]
[SourceDate "2010.11.25"]
[SourceVersion "1"]
[SourceVersionDate "2010.11.25"]
[SourceQuality "1"]

1. e4 c5 2. Nf3 Nc6 3. c3 d5 4. exd5 Qxd5 5. d4 Bg4 6. Be2 e6 7. 0-0 Nf6 8. Be3 Ne4 9. Nbd2 Nxd2 10. Qxd2 0-0-0 11. a4 Kb8 12. Rab1 e5 13. Rfd1 Bxf3 14. Bxf3 e4 15. Be2 cxd4 16. cxd4 Bb4 17. Qc2 Na5 18. b3 Rc8 19. Qa2 f5 20. Rdc1 Qd6 21. Bc4 f4 22. Bd2 Nc6 23. Rd1 Rhf8 24. Qb2 Rce8 25. Bb5 Bxd2 26. Rxd2 e3 27. Rd3 f3 28. Rxe3 Rxe3 29. fxe3 f2+ 30. Kh1 Qe6 31. Qd2 Qxb3 32. Qc1 Qe6 33. h3 Rf6 34. Be2 Ne7 35. Bf3 Rxf3 36. gxf3 Qxh3# 0-1

[Event "Girona-ch"]
[Site "Girona"]
[Date "2008.10.19"]
[Round "3"]
[White "Cano Egea, Gerard"]
[Black "Suita Rodriguez, Natalia"]
[Result "1/2-1/2"]
[WhiteElo "1673"]
[BlackElo "1563"]
[PlyCount "58"]
[EventDate "2008.10.05"]
[EventType "swiss"]
[EventRounds "9"]
[EventCountry "ESP"]
[SourceTitle "EXT 2011"]
[Source "ChessBase"]
[SourceDate "2010.11.26"]
[SourceVersion "1"]
[SourceVersionDate "2010.11.26"]
[SourceQuality "1"]

1. e4 e6 2. d4 d5 3. Nc3 Bb4 4. Nge2 dxe4 5. a3 Bxc3+ 6. Nxc3 Nf6 7. Bg5 Nc6 8. Bb5 h6 9. Bxf6 Qxf6 10. Nxe4 Qd8 11. Bxc6+ bxc6 12. 0-0 0-0 13. c3 Rb8 14. Qc2 Bb7 15. Nc5 Qd5 16. Rab1 e5 17. Qe4 Rfe8 18. Qxd5 cxd5 19. dxe5 Bc8 20. Rfe1 Bf5 21. Rbd1 Rxb2 22. Rxd5 Reb8 23. h3 Ra2 24. g4 Be6 25. Nxe6 fxe6 26. Ra5 Rbb2 27. Rxa7 Rxf2 28. Rd1 Rg2+ 29. Kh1 Rh2+ 1/2-1/2